00416 a2200121 4500020001500000040000800015245003300023260005300056300003100109942002100140999001500161952011800176 a1888777923 aDLC04aThe 21st century world atlas aNew York :bTrident press international,c[1999] a751 s.a(751 s.) :bkartor cBKk912 TRI2ddc c4820d4820 001040708NFICaCLbCLcGENd2002-03-14eBook Fieldg5843.00o912 TRIpSEECS001941r2012-11-14w2017-01-05yREF